MDQL
is popping MORE tags! Check the
thread
!
Quizzes
Events
Quiz Creation
Community
Videos
Private Events
Remove Ads
Sign In
Join for FREE
Feedback
Dark Mode
Quiz Categories
Sports
Geography
Music
Movies
Television
Just For Fun
Miscellaneous
History
Literature
Language
Science
Gaming
Entertainment
Religion
Holiday
For Kids
Quiz Lab
Recent
Popular Today
Quiz Kudos Today
Editor Picks
Curator Picks
Quizzes by...
Day
Popularity
Type
Ratings
Length
Year
Community
Subscriptions
Recent Discussions
Orange Saloon
Badges
Playlists
Quests
Create
Leaderboards
Showdown
Live 5
Trivia Bingo
Activity
Puzzle Library
Sporcle Events
Private Events
Virtual Trivia
Globe League
Become a Host
Pub Owners
SporcleCon
Opinionation
Our Games
Videos
Blog
Mobile Apps
Partnerships
Remove Ads and Go Orange
Feedback
Entertainment
Celebrity
Famous
Musical
Broadway
Show
Quote
Comic Books
Anime
Superhero
DC Comics
Marvel
Cartoons
Animation
Entertainment
Celebrity
Famous
Musical
Broadway
Show
Quote
Comic Books
Anime
Superhero
DC Comics
Marvel
Cartoons
Animation
Random Quiz
Search Sporcle
×
Quiz Lab
Quiz Lab
Entertainment
Comic Books
Type answers based on single images at one time
Type answers based on single images at one time
Slideshow
Best Score? Go Orange.
Justice League in the 80's Stats
Can you name the Justice League in the 80's?
By
IAMOLIVERQUEEN
5m
35 Questions
656 Plays
656 Plays
656 Plays
Comments
Comments
Give Quiz Kudos
Give Quiz Kudos
-
- Ratings
hide this ad
Replay
Link that replays current quiz
Next Quiz
Link to next quiz in quiz playlist
You Got
0%
They Got
Avg Score
76%
Avg Friend Score
Upgrade to see
Score Distribution
Jump to the score distribution portion of the page
Score
0/35
Timer
05:00
0
Plays Today
% Correct
Superman
99.1%
Batman
98.8%
Wonder Woman
98.5%
Green Lantern (Hal Jordan)
97.4%
The Flash (Barry Allen)
92.4%
Hawkman
92.1%
Atom
91%
Hawkgirl
89.6%
Green Arrow
88.9%
Martian Manhunter
86.7%
Green Lantern (Guy Gardner)
85.5%
Doctor Fate
84.3%
Black Canary
83.7%
Elongated Man
83.7%
Firestorm
83.5%
Red Tornado
82.9%
Vixen
78.9%
Phantom Stranger
75.4%
% Correct
Captain Atom
75.3%
Blue Beetle
74.2%
Doctor Fate
73.7%
Huntress
73.3%
Zatanna
71.1%
Booster Gold
70.1%
Mister Miracle
69%
Captain Marvel
66.4%
Doctor Light
66.3%
Steel
65%
Vibe
65%
Aquaman
64.6%
Gypsy
63.2%
Fire
62.4%
Ice
61.4%
Rocket Red 7
37.9%
Rocket Red 4
34%
Quiz Playlist
Details
Report
Send in Message
Add To Playlist
Slideshow:
Type answers based on single images at one time
Last Updated: Jun 29, 2017
Quiz Scoreboard
CHALLENGE
Sign Up to Join the Scoreboard
Show All
Scores
Hide
Comments
May contain spoilers
Recently Published
1-10 Letter E Words III
by El_Dandy
Language
2m
Street Fighter Characters
by Artimus82
Gaming
60s
College Basketball Coaching Resumes
by pancakes188
Sports
9m
More to Explore
Quiz From the Vault
Featured Blog Post
Where Did the Easter Bunny Come From?
hide this ad
You Might Also Like...
Tags
Comic Books Quiz
DC Comics Quiz
Aquaman
Batman
Green Arrow
Green Lantern
Justice League
Shazam
Superman
The Flash
Wonder Woman
Today's Top Quizzes in Entertainment
Browse Entertainment
hide this ad
Today's Top Quizzes in Comic Books
Browse Comic Books
Top Contributed Quizzes in Entertainment
1
7-to-1: DC Comics Villains
2
Marvel Characters Bunker
3
Dragon Ball Z: Goku's Fights in Order
4
Eurovision 2023 Logic Puzzle
5
Sorting Pictures: Villains
6
Criteria Quickie: Cartoon Taxonomy II
7
Mini Trivia Sudoku: Musicals
8
7-to-1: One Piece
9
Fictional Villains Letter U Blitz
10
Click the Cartoon Scott
Explore More
Trending Topics
Crossword
Kpop
Anime
Disney
NBA
Harry Potter
Marvel
Puzzle
Country
Soccer
Song
Pokémon
The Office
WWE
NFL
hide this ad
More By:
IAMOLIVERQUEEN
Quiz
Plays
Rating
Category
Featured
Created
MCU: 10 to 1
5,283
4.22
Movies
Oct 24, 2019
Arrowverse: 10 to 1
4,458
4.60
Entertainment
Jan 15, 2020
Avengers Rosters in MCU
3,711
3.58
Entertainment
Dec 22, 2017
DC Teams: First 10 Members
3,447
4.92
Entertainment
Dec 31, 2016
Spider-Man PS4 Characters
3,160
4.50
Gaming
Sep 12, 2018
Go to Creator's Profile
Score Distribution
Quiz Creator Spotlight
IAMOLIVERQUEEN
Follow
Send a Message
Quizzes Created
-
Created Quiz Play Count
-
More By This Creator
Popular Quizzes Today
1
Find the US States - No Outlines Minefield
2
Find the Countries of Europe - No Outlines Minefield
3
The Countries of the World
4
Find the US States
5
Risky Map Clicking: Biggest States A-Z
6
US States
7
Popular People in 1961
8
Movies - When Are They Set?
More Entertainment Quizzes
50 First Names in 5 Minutes 2
Editor's Pick
Trending Quizzes
Risky Map Clicking: Least Populous States A-Z
Billboard Blitz: Aretha Franklin
1-10 Letter G Words
Countries of the World: 200 Million BC
1-10 Letter F Words
Recently Updated
Leaping Animals
pecheneg
Reality TV Shows (A-Z)
bhenderson79
Rickey Henderson's Hall of Fame Teammates
pecheneg
Champions League XIs: Arsenal
pecheneg
Quick Pick: Celebrities in WWE's Hall of Fame
aduchscher
A-Z Keypad Blitz II
pecheneg
Multiple Oscar Actors
pecheneg
Mystery Phrase Blitz: Oscar 'Best Actors'
pecheneg
F. Scott Fitzgerald Novels
LTH
Pick 3 Villains
ddd62291
Trending Topics
Anime
Crossword
Marvel
Harry Potter
NBA
Kpop
Disney
NFL
The Office
Pokémon
Song
Puzzle
WWE
Soccer
Country
Your Account Isn't Verified!
In order to create a playlist on Sporcle, you need to verify the email address you used during registration. Go to your
Sporcle Settings
to finish the process.
Report this User
Report this user for behavior that violates our
Community Guidelines
.
Details:
Send Report
Go to the Sporcle.com Mobile Site →
Comments